Correspondencia mercantil : (Record no. 49661)

MARC details
000 -LEADER
campo de control de longitud fija 00596nam a2200205 i 4500
001 - NÚMERO DE CONTROL
campo de control 49661
003 - IDENTIFICADOR DE NÚMERO DE CONTROL
campo de control ES-MaACL
005 - FECHA Y HORA DE LA ÚLTIMA TRANSACCIÓN
campo de control 20250902013910.0
007 - CAMPO FIJO DE DESCRIPCIÓN FÍSICA--INFORMACIÓN GENERAL
campo de control de longitud fija t|
008 - DATOS DE LONGITUD FIJA--INFORMACIÓN GENERAL
campo de control de longitud fija 030721s1961 sp ||||1| spa d
080 ## - NÚMERO DE LA CLASIFICACIÓN DECIMAL UNIVERSAL
Número de la Clasificación Decimal Universal 651.7(075.3)
100 1# - ENTRADA PRINCIPAL--NOMBRE DE PERSONA
Nombre de persona Cots y Trias, Antonio.
9 (RLIN) 41185
245 10 - MENCIÓN DEL TÍTULO
Título Correspondencia mercantil :
Resto del título método práctico /
Mención de responsabilidad, etc. por Antonio Cots y Trías.
250 ## - MENCION DE EDICION
Mención de edición 24ª ed.
260 ## - PUBLICACIÓN, DISTRIBUCIÓN, ETC.
Lugar de publicación, distribución, etc. Barcelona :
Nombre del editor, distribuidor, etc. Cots,
Fecha de publicación, distribución, etc. 1961.
300 ## - DESCRIPCIÓN FÍSICA
Extensión 288 p. ;
Dimensiones 22 cm.
650 #7 - PUNTO DE ACCESO ADICIONAL DE MATERIA--TÉRMINO DE MATERIA
Término de materia o nombre geográfico como elemento de entrada Correspondencia comercial
Fuente del encabezamiento o término embne
9 (RLIN) 157414
852 4# - LOCALIZACIÓN
Ubicación ES-MaACL
Número de control de estantería C-21923
Holdings
Estatus retirado Estado de pérdida Estado de daño No para préstamo Biblioteca de origen Biblioteca actual Ubicación en estantería Fecha de adquisición Fuente de adquisición Total de préstamos Signatura topográfica completa Código de barras Visto por última vez Precio de reemplazo Tipo de ítem Koha
        Biblioteca del Ateneo de Madrid Biblioteca del Ateneo de Madrid Galería 17/01/2008     C-21923 1052254 23/02/2023 23/02/2023 Libro impreso